Guess the singer - I - Statistics

General Stats
  • This quiz has been taken 100 times
  • The average score is 5 of 15
Answer Stats
Hint Answer % Correct
Radioactive Imagine Dragons
74%
Lust For Life Iggy Pop
60%
Let It Go Idina Menzel
52%
Fancy Iggy Azalea
50%
Need You Tonight INXS
43%
Run to the Hills Iron Maiden
40%
I Love It Icona Pop
27%
Replay Iyaz
27%
Check Yo Self Ice Cube
18%
Drive Incubus
16%
Deli Ice Spice
14%
Closer to Fine Indigo Girls
10%
Electric Blue Icehouse
9%
Takeaway ILLENIUM
6%
i'm yours Isabel LaRosa
5%
No matching quizzes found
Score Distribution
Percent of People with Each Score
Percentile by Number Answered
Your Score History
You have not taken this quiz